ਪਰਵਾਸੀ ਪੰਜਾਬੀ ਸਾਹਿਤ (Record no. 101560)

MARC details
000 -LEADER
fixed length control field 00856nam a2200217Ia 4500
003 - CONTROL NUMBER IDENTIFIER
control field OSt
005 - DATE AND TIME OF LATEST TRANSACTION
control field 20250908160448.0
008 - FIXED-LENGTH DATA ELEMENTS--GENERAL INFORMATION
fixed length control field 220915b |||||||| |||| 00| 0 pan d
020 ## - INTERNATIONAL STANDARD BOOK NUMBER
International Standard Book Number 8177701045
037 ## - SOURCE OF ACQUISITION
Terms of availability Textbook
040 ## - CATALOGING SOURCE
Language of cataloging pun
Original cataloging agency ARTS
Transcribing agency ARTS
041 ## - LANGUAGE CODE
Language code of text/sound track or separate title pun
Source of code pun
084 ## - COLON CLASSIFICATION NUMBER
Classification number O153:g N0;P4
Assigning agency AL
100 ## - MAIN ENTRY--PERSONAL NAME
Personal name ਸੁਰਿੰਦਰਪਾਲ ਸਿੰਘ, ਥਦ।
9 (RLIN) 820349
245 #0 - TITLE STATEMENT
Title ਪਰਵਾਸੀ ਪੰਜਾਬੀ ਸਾਹਿਤ
260 ## - PUBLICATION, DISTRIBUTION, ETC.
Place of publication, distribution, etc. ਅੰਮ੍ਰਿਤਸਰ
Name of publisher, distributor, etc. ਗੁਰੂ ਨਾਨਕ ਦੇਵ ਯੂਨੀਵਰਸਿਟੀ ਭਾਰਤ
Date of publication, distribution, etc. 2004
300 ## - PHYSICAL DESCRIPTION
Extent 267ਪੰ
Dimensions cm.
650 ## - SUBJECT ADDED ENTRY--TOPICAL TERM
Topical term or geographic name entry element ਪੰਜਾਬੀ ਸਾਹਿਤ
9 (RLIN) 820350
942 ## - ADDED ENTRY ELEMENTS (KOHA)
Classification part O153:g N0;P4
Koha item type Textbook
Source of classification or shelving scheme Colon Classification (CC)
Suppress in OPAC No
Holdings
Withdrawn status Lost status Damaged status Not for loan Home library Current library Date acquired Source of acquisition Cost, normal purchase price Total Checkouts Full call number Barcode Date last seen Cost, replacement price Price effective from Koha item type
        Arts Library Arts Library 2022-09-16 237, 17/12/2008, N. R. Book Distributors 200.00   O153:g N0;P4 AL1347354 2022-09-16 200.00 2022-09-16 Textbook
Copyright @ Delhi University Library System